000 00317nam a2200133Ia 4500
008 191201s2005 xx 000 0 und d
100 _aKOPMEYER, M R
245 0 _aHow You Can Get Richer Quicker !
250 _aRep
260 _aN.Delhi
_bUBSPD,
_c2005
300 _a324
650 _aGeneral Books
942 _2ddc
_cBK
999 _c1839
_d1839